Meaning of 'K' Quiz Stats

 Plays Quiz Updated Oct 30, 2018

Score 0/18 Timer 04:00
0 Plays Today
K can refer to... Answer % Correct
In text messages or instant messages, this affirmative wordOkay
89.2%
This prefix meaning 'thousand'Kilo-
84.4%
This measure of purity for gold, or of mass for any gemstoneCarat
83.3%
This stage of education between preschool and first gradeKindergarten
82.2%
This 19th element on the periodic tablePotassium
82.1%
This unit of temperatureKelvin
81.1%
This word for 'fit to be eaten', as per Jewish lawKosher
72.3%
In Algebraic chess notation, this pieceKing
66.5%
This poor result of an at-bat in baseballStrikeout
59%
K can refer to... Answer % Correct
'Agent K', played by Tommy Lee Jones in this film seriesMen in Black
54.1%
In legal shorthand, this type of legally binding documentContract
31.5%
This color, in the CMYK printing processBlack (key)
25.4%
'Coach K', this basketball mainstay at Duke UniversityMike Krzyzewski
19.9%
The Köchel catalogue, the complete list of this composer's worksWolfgang Amadeus Mozart
19.2%
In physics, this type of conductivityThermal
7.1%
This geologic period of the Mesozoic EraCretaceous
5.1%
The physical constant relating energy and temperature at the particle levelBoltzmann constant
3.7%
This ex-President (and ex-First Gentleman) of Argentina, or his policiesNéstor Kirchner
2.8%

You're not logged in!

Compare scores with friends on all Sporcle quizzes.
OR
Log In

Sporcle TV

Today on Sporcle TV


Watch our educational content, quiz creation guides, and fun videos on Sporcle TV.

Show Comments

Extras

Top Quizzes Today


Score Distribution

Your Account Isn't Verified!

In order to create a playlist on Sporcle, you need to verify the email address you used during registration. Go to your Sporcle Settings to finish the process.

Report this User

Report this user for behavior that violates our Community Guidelines.

Details: